Trouver le modèle du véhicule - années 50 et 60 - Statistiques

Statistiques générales
  • Ce quiz a été pris 39 fois
  • Le résultat moyen est 7 sur 12
Statistiques - réponses
Par images Hint Réponse % Correct
Fiat 500
94%
Alpine A110
88%
Citroën DS
88%
AC Shelby Cobra
78%
Ford GT 40
72%
Aston Martin DB4
63%
Mercedes 300SL
59%
Corvette C2 Stingray
59%
Lamborghini Miura
56%
Ferrari 250 GTO
53%
Toyota 2000 GT
22%
Porsche 911 type 901
16%
Aucun quiz correspondant
Distribution des résultats
% des personnes avec chaque résultat
Percentile par nombre de réponses
Votre historique - résultats
Vous n’avez pas pris ce quiz